[Event "kasker-2"]
[Site "http://www.queenalice.com/game.php?id=1026772"]
[Date "2012.2.6"]
[Round "1"]
[White "Whitecharger"]
[Black "amarkin"]
[Result "0-1"]
[WhiteElo "2452"]
[BlackElo "2602"]

1. d4 Nf6 2. g3 d5 3. Bg2 c5 4. Nf3 e6 5. O-O Nc6 6. c4 dxc4 7. Qa4 Bd7 8. Qxc4
b5 9. Qd3 Rc8 10. dxc5 Bxc5 11. Nc3 Nb4 12. Qd1 O-O 13. Ne5 Nbd5 14. Nxd5 Nxd5
15. Qb3 Qc7 16. Nxd7 Qxd7 17. Rd1 Qc6 18. Bxd5 exd5 19. Qxd5 Qb6 20. Qf3 Rfe8
21. Bd2 b4 22. a3 a5 23. Kg2 Qe6 0-1

[Event "Challenge"]
[Site "http://www.queenalice.com/game.php?id=1030728"]
[Date "2012.2.18"]
[Round "-"]
[White "Whitecharger"]
[Black "PhilBFrance"]
[Result "1-0"]
[WhiteElo "2448"]
[BlackElo "2428"]

1. d4 d5 2. g3 Nc6 3. Bg2 Nf6 4. Nf3 g6 5. O-O Bg7 6. c4 dxc4 7. Na3 O-O 8. Nxc4
Bf5 9. b3 Be4 10. a3 Qc8 11. e3 Qf5 12. Bb2 Rfd8 13. Rc1 Rab8 14. Ncd2 Bd5 15.
Rc5 Qg4 16. b4 a6 17. Qc2 Qe6 18. Ng5 Qd7 19. e4 b6 20. Bh3 Qe8 21. Rxd5 Nxd5
22. exd5 Nxd4 23. Bxd4 Bxd4 24. Qb3 Bf6 25. Nde4 Bxg5 26. Nxg5 Rd6 27. Ne4 Rdd8
28. Re1 Qf8 29. Qc4 h6 30. Nc3 a5 31. Qxc7 axb4 32. axb4 Rbc8 33. Bxc8 Rxc8 34.
Qe5 Qg7 35. Qxg7+ Kxg7 36. Na4 b5 37. Nc5 Kf8 38. Ra1 Rd8 39. Ra5 Rxd5 40. Rxb5
Ke8 41. Kg2 Rd8 42. Rb7 Rd5 43. Rb8+ Rd8 44. Rxd8+ Kxd8 45. Nd3 f6 46. Kf3 Kc7
47. Nf4 g5 48. Nd5+ Kd6 49. Nxf6 exf6 50. h3 f5 51. g4 Ke5 52. gxf5 Kxf5 53. b5
Ke6 54. Kg4 Kd6 55. Kh5 1-0

[Event "Challenge"]
[Site "http://www.queenalice.com/game.php?id=1030732"]
[Date "2012.2.18"]
[Round "-"]
[White "PhilBFrance"]
[Black "Whitecharger"]
[Result "1/2-1/2"]
[WhiteElo "2420"]
[BlackElo "2456"]

1. g3 d5 2. Nf3 Nf6 3. Bg2 Bf5 4. c4 c6 5. Qb3 Qb6 6. O-O e6 7. d3 Nbd7 8. Nc3
h6 9. cxd5 Qxb3 10. axb3 exd5 11. e4 dxe4 12. Nd4 Be6 13. dxe4 Bc5 14. Nxe6 fxe6
15. Na4 Bd4 16. Rd1 e5 17. b4 Ng4 18. Bf3 h5 19. Kg2 O-O 20. Bxg4 hxg4 21. Be3
Bxe3 22. fxe3 Nf6 23. Nc5 Rf7 24. Rd6 b6 25. Nd3 Nxe4 26. Rg6 Rd8 27. Nxe5 Rd2+
28. Kg1 Rff2 29. Nxg4 Rg2+ 30. Kh1 Rge2 31. Rxc6 Nf2+ 32. Nxf2 Rxf2 33. b3 Rxh2+
34. Kg1 Rhg2+ 35. Kh1 Rxg3 36. Rxa7 Rxe3 37. Ra1 Rb2 38. Rxb6 Rexb3 39. Ra4 Kh7
40. Rb7 Rc3 41. Ra1 Rc4 42. b5 Rc5 43. b6 Rc6 44. Re1 Rcxb6 45. Rxb6 Rxb6 46.
Kg2 Rb3 47. Kf2 Kh6 48. Rh1+ Kg6 49. Rg1+ Kf6 50. Ra1 g5 51. Kg2 Kg6 52. Kf2 Kf5
53. Kg2 Re3 54. Ra4 Rb3 55. Ra5+ Kg4 56. Ra4+ Kh5 57. Rd4 1/2-1/2

[Event "Challenge"]
[Site "http://www.queenalice.com/game.php?id=1036465"]
[Date "2012.3.6"]
[Round "-"]
[White "Conde7"]
[Black "Whitecharger"]
[Result "1-0"]
[WhiteElo "2695"]
[BlackElo "2455"]

1. e4 e6 2. d4 d5 3. e5 c5 4. c3 Ne7 5. Nf3 Nf5 6. dxc5 Bxc5 7. Bd3 O-O 8. O-O
Re8 9. Qc2 h6 10. a4 Bb6 11. Re1 a6 12. b4 Nc6 13. Ba3 Bd7 14. b5 Na5 15. Nbd2
1-0

[Event "Challenge"]
[Site "http://www.queenalice.com/game.php?id=1036466"]
[Date "2012.3.6"]
[Round "-"]
[White "Whitecharger"]
[Black "Conde7"]
[Result "0-1"]
[WhiteElo "2458"]
[BlackElo "2692"]

1. d4 d5 2. g3 Nf6 3. Bg2 c5 4. Nf3 cxd4 5. O-O h6 6. a3 e6 7. Nxd4 e5 8. Nb3
Nc6 9. f4 e4 10. Be3 a5 11. Qd2 a4 12. Nd4 Na5 13. b3 Ng4 14. Kh1 h5 15. h3 h4
0-1

[Event "Challenge"]
[Site "http://www.queenalice.com/game.php?id=1058920"]
[Date "2012.5.12"]
[Round "-"]
[White "PhilBFrance"]
[Black "Whitecharger"]
[Result "0-1"]
[WhiteElo "2418"]
[BlackElo "2463"]

1. e4 e6 2. Nc3 d5 3. exd5 exd5 4. Nf3 Nf6 5. d4 Nc6 6. Bd3 Bd6 7. O-O O-O 8.
Re1 h6 9. Nb5 Nb4 10. Bd2 Nxd3 11. cxd3 Be7 12. Bf4 Ne8 13. Nc3 c6 14. Rc1 Bg4
15. h3 Bxf3 16. Qxf3 Bg5 17. Rb1 Qf6 18. Be5 Qxf3 19. gxf3 g6 20. Na4 b6 21. Nc3
Rc8 22. Nd1 h5 23. Ne3 f6 24. Bg3 Ng7 25. Kg2 Kf7 26. h4 Bh6 27. Re2 Rfe8 28.
Kf1 Ne6 29. Nc2 g5 30. Rbe1 gxh4 31. Bxh4 Nf4 32. Rxe8 Rxe8 33. Rxe8 Kxe8 34.
Bxf6 Nxd3 35. b4 Kd7 36. a3 b5 37. Ke2 Ke6 38. Bd8 Nf4+ 39. Kf1 Bg7 40. Bc7 Kf5
41. Bb8 a6 42. Ne3+ Kg5 43. Nc2 Bf6 44. Be5 Bxe5 45. dxe5 Kf5 46. Nd4+ Kxe5 47.
Nxc6+ Kd6 48. Nd4 Ne6 49. Nb3 Ke5 50. Kg2 Kf4 51. Nc1 d4 52. Nd3+ Kg5 53. Kg1
Nf4 54. Nc5 Kg6 55. Ne4 Kf5 56. Kf1 Ke5 57. Kg1 Kd5 58. Nd2 d3 59. Kf1 h4 60.
Kg1 Kd4 61. Ne4 Kc4 62. Kf1 Kb3 63. Ke1 Kc2 0-1

[Event "Challenge"]
[Site "http://www.queenalice.com/game.php?id=1058921"]
[Date "2012.5.12"]
[Round "-"]
[White "Whitecharger"]
[Black "PhilBFrance"]
[Result "1-0"]
[WhiteElo "2456"]
[BlackElo "2425"]

1. d4 d5 2. g3 g6 3. Bg2 Bg7 4. Nf3 Nf6 5. O-O O-O 6. c4 dxc4 7. Na3 Nc6 8. Nxc4
Bf5 9. b3 Be4 10. Bb2 Qc8 11. Re1 Nb4 12. Ncd2 Bc2 13. Qc1 Bf5 14. Nh4 Bh3 15.
a3 Bxg2 16. Nxg2 Nc6 17. e4 Nd8 18. f4 Qd7 19. Qc2 Ng4 20. Nf3 Re8 21. h3 Nf6
22. Kh2 Qc6 23. Qd3 e6 24. a4 Qb6 25. d5 a5 26. Be5 Re7 27. Rad1 Ne8 28. Bxg7
Nxg7 29. Ne3 Qc5 30. Rc1 Qb4 31. Rc4 Qb6 32. Qc3 Ne8 33. dxe6 fxe6 34. Ng4 Nf7
35. Ng5 h5 36. Nxf7 hxg4 37. Nh6+ Kh7 38. Nxg4 Rf7 39. f5 g5 40. Kg2 Qd6 41. h4
Rd7 42. hxg5 Qd2+ 43. Qxd2 Rxd2+ 44. Kf3 c6 45. Rh1+ Kg8 46. g6 exf5 47. exf5
Rd3+ 48. Kf4 Rad8 49. Re4 1-0

[Event "Challenge"]
[Site "http://www.queenalice.com/game.php?id=1061121"]
[Date "2012.5.18"]
[Round "-"]
[White "leoskye"]
[Black "Whitecharger"]
[Result "0-1"]
[WhiteElo "2069"]
[BlackElo "2455"]

1. d4 Nf6 2. c4 c5 3. d5 e6 4. Nc3 exd5 5. cxd5 Bd6 6. e4 Qe7 7. f3 Be5 8. Bg5
h6 9. Bxf6 Qxf6 10. Qd2 O-O 11. Bd3 d6 12. Nge2 Qh4+ 13. g3 Qd8 14. O-O Bf6 15.
Kg2 a6 16. Rae1 Nd7 17. f4 b5 18. Ng1 Re8 19. Nf3 Bb7 20. a3 Qc7 21. Bb1 Rad8
22. Qd3 g6 23. Nd1 Nb6 24. Qc2 a5 25. Ne3 h5 26. h4 Bc8 27. Ng5 Qe7 28. e5 Bxg5
29. exd6 Qxd6 30. fxg5 Nxd5 31. Nxd5 Qxd5+ 32. Kh2 Rxe1 33. Rxe1 Qd2+ 34. Re2
Qd7 35. Re3 Qh3+ 36. Kg1 Bb7 37. Re1 Qh1+ 38. Kf2 Qg2+ 0-1

[Event "AUTO-ELITE-1048"]
[Site "http://www.queenalice.com/game.php?id=1102314"]
[Date "2012.9.12"]
[Round "1"]
[White "Whitecharger"]
[Black "yoda77"]
[Result "0-1"]
[WhiteElo "2462"]
[BlackElo "2310"]

1. d4 d5 2. g3 c5 3. Bg2 cxd4 4. Qxd4 Nf6 5. Nf3 Nc6 6. Qd1 e5 7. O-O Be7 8. c4
d4 9. e3 O-O 10. exd4 exd4 0-1

[Event "Challenge"]
[Site "http://www.queenalice.com/game.php?id=1190283"]
[Date "2013.6.12"]
[Round "-"]
[White "Whitecharger"]
[Black "PhilBFrance"]
[Result "1-0"]
[WhiteElo "2444"]
[BlackElo "2451"]

1. d4 d5 2. g3 Nc6 3. Bg2 Nf6 4. Nf3 g6 5. O-O Bg7 6. c4 dxc4 7. Qa4 O-O 8. Qxc4
Be6 9. Qa4 Nd5 10. Nc3 Qd7 11. Qd1 Rad8 12. e4 Nxc3 13. bxc3 Bc4 14. Re1 b6 15.
Qc2 Rfe8 16. Bg5 Na5 17. Nd2 Be6 18. Rab1 c6 19. Bf4 Nc4 20. Rbd1 Na5 21. f3 b5
22. Bf1 Qb7 23. Kg2 Qd7 24. Kg1 Qb7 25. Qb2 Qb6 26. Be3 Qc7 27. a4 a6 28. Ra1
Ra8 29. Ra3 Bd7 30. Rea1 e5 31. axb5 axb5 32. Qa2 exd4 33. cxd4 Be6 34. d5 Bxd5
35. exd5 Bxa1 36. Qxa1 Rxe3 37. Rxe3 Qb6 38. Qe1 cxd5 39. Qf2 Qc6 40. Re1 Nc4
41. Nb3 Ra4 42. Nc5 Ra3 43. Nd3 Ra8 44. Qd4 Ra4 45. Nf4 Nb6 46. Qb2 b4 47. Rc1
Qb7 48. Qf6 Ra8 49. Ne6 fxe6 50. Bh3 Qg7 51. Qxe6+ Kh8 52. Qxb6 Qb2 53. Rc7 Qa1+
54. Bf1 Qe5 55. Kg2 Ra2+ 56. Kh1 Ra8 57. Qb7 Rf8 58. Rxh7+ Kg8 59. Rh6 Rxf3 60.
Rxg6+ Kf8 61. Qa8+ Ke7 62. Qa7+ Kf8 63. Kg2 Rc3 64. Qf2+ Ke7 65. Rh6 Qg7 66.
Qa7+ Kf8 67. Qb8+ Kf7 68. Qa7+ Kf8 69. Qb8+ Kf7 70. Ra6 Rc2+ 71. Kh1 Qc3 72.
Qf4+ Kg8 73. Qg4+ Kf8 74. Qf5+ Kg8 75. Qxd5+ Kg7 76. Qd7+ Kf8 77. Qf5+ Ke7 78.
Re6+ Kd7 79. Qf7+ 1-0

[Event "Challenge"]
[Site "http://www.queenalice.com/game.php?id=1190284"]
[Date "2013.6.12"]
[Round "-"]
[White "PhilBFrance"]
[Black "Whitecharger"]
[Result "0-1"]
[WhiteElo "2460"]
[BlackElo "2434"]

1. e4 e6 2. Nc3 Nf6 3. Nf3 d5 4. exd5 exd5 5. d4 Bd6 6. Bd3 O-O 7. O-O a6 8. Bg5
Be6 9. Bh4 c6 10. Ng5 Qc7 11. Re1 Bxh2+ 12. Kh1 Bg4 13. Bxh7+ Kh8 14. Qd3 Bd6
15. Bf5 Bxf5 16. Qxf5 Nbd7 17. Re2 Qb6 18. Qd3 Kg8 19. b3 Rfe8 20. Rae1 g6 21.
Nf3 Qb4 22. a4 Rxe2 23. Rxe2 Rc8 24. g3 Kg7 25. Bg5 Rd8 26. Nh4 Qa5 27. Bd2 Qc7
28. Kg2 Rh8 29. Bg5 Rh5 30. Bd2 c5 31. dxc5 Nxc5 32. Qd4 Qc6 33. Kg1 Ne4 34.
Nxe4 dxe4 35. Qc3 Qd5 36. Be1 Qe6 37. f3 Qh3 38. Rxe4 Bc5+ 39. Re3 Bb6 40. a5
Ba7 41. Kf2 Rc5 42. Qd3 Rd5 43. Qc3 Qh2+ 44. Kf1 Rd1 45. Ng2 Bd4 46. Ke2 Bxc3
47. Kxd1 Bxe1 48. Nxe1 Qxg3 49. Rd3 Qc7 50. b4 Qc4 51. c3 Nh5 52. Kd2 Nf4 53.
Re3 Nd5 54. Rd3 Qf4+ 55. Kd1 Ne3+ 56. Ke2 Nc4 57. Ng2 Qc1 58. Ne3 Qb2+ 59. Kd1
Ne5 60. Rd8 Nxf3 61. Nc2 Qb1+ 0-1

[Event "Challenge"]
[Site "http://www.queenalice.com/game.php?id=1207871"]
[Date "2013.8.14"]
[Round "-"]
[White "jeancarlo1910"]
[Black "Whitecharger"]
[Result "0-1"]
[WhiteElo "1982"]
[BlackElo "2433"]

1. e4 e6 2. d4 d5 3. e5 c5 4. Nf3 Nc6 5. Bb5 Bd7 6. O-O Nxe5 7. dxe5 Bxb5 8. Re1
Ne7 9. Bg5 h6 10. Bh4 g5 11. Bg3 Nf5 12. Nc3 Bc6 13. a4 h5 14. h3 g4 15. hxg4
hxg4 16. Nh2 Nxg3 17. fxg3 Qb6 18. b3 c4+ 19. Kh1 Bb4 20. Ne2 Ke7 21. Nf4 Rxh2+
22. Kxh2 Rh8+ 23. Nh3 Rxh3+ 24. gxh3 Qf2+ 0-1

[Event "Challenge"]
[Site "http://www.queenalice.com/game.php?id=1210083"]
[Date "2013.8.21"]
[Round "-"]
[White "jeancarlo1910"]
[Black "Whitecharger"]
[Result "0-1"]
[WhiteElo "1963"]
[BlackElo "2443"]

1. e4 e6 2. d4 d5 3. e5 c5 4. c3 Nc6 5. Bb5 Bd7 6. Bxc6 Bxc6 7. Nf3 b6 8. O-O
Ne7 9. Bg5 h6 10. Bh4 g5 11. Bg3 Nf5 12. h3 h5 13. Bh2 g4 14. Nfd2 gxh3 15. g3
cxd4 16. cxd4 Nxd4 17. a3 Rc8 18. Nf3 Nxf3+ 19. Qxf3 d4 20. Qd3 Qd5 21. f3 Bb5
22. Qd1 Bxf1 23. Qxf1 Bh6 24. Nc3 dxc3 25. bxc3 Rxc3 26. f4 Bf8 27. Qe2 Bc5+ 28.
Kf1 Qh1+ 29. Bg1 Qxg1# 0-1

[Event "Challenge"]
[Site "http://www.queenalice.com/game.php?id=1210412"]
[Date "2013.8.22"]
[Round "-"]
[White "snebur1956"]
[Black "Whitecharger"]
[Result "1/2-1/2"]
[WhiteElo "2342"]
[BlackElo "2451"]

1. e4 e6 2. d4 d5 3. Nd2 Be7 4. Ngf3 c5 5. exd5 exd5 6. dxc5 Bxc5 7. Nb3 Bd6 8.
Bd3 Nc6 9. h3 Qe7+ 10. Be3 Bf4 11. Qe2 Bxe3 12. Qxe3 Qxe3+ 13. fxe3 Nf6 14. O-O
O-O 15. c3 h6 16. Bb5 Rb8 17. Rad1 a6 18. Bd3 Re8 19. Rfe1 g6 20. Nbd2 Be6 21.
Nd4 Kg7 22. Nxc6 bxc6 23. b3 a5 24. Rc1 Nd7 25. e4 Ne5 26. Bb1 Rbd8 27. Nf1 Bxh3
28. gxh3 Nf3+ 29. Kf2 Nxe1 30. Rxe1 dxe4 31. Bxe4 f5 32. Bc2 Rxe1 33. Kxe1 Re8+
34. Kf2 f4 35. Bd1 Rd8 36. Be2 Kf6 37. Kf3 Kg5 38. a3 c5 39. b4 axb4 40. axb4
cxb4 41. cxb4 Rd4 42. b5 Kh4 43. Kg2 Re4 44. Bd3 Rb4 45. Bxg6 Rxb5 46. Kf3 Rb6
47. Be4 Rb2 48. Bf5 h5 49. Be6 Kg5 50. Bc4 Rc2 51. Be2 Kh4 52. Bb5 Kg5 53. Be2
Rc3+ 54. Kg2 Kh4 55. Nd2 Rg3+ 56. Kf2 Rxh3 57. Nf3+ Kg4 1/2-1/2

[Event "Challenge"]
[Site "http://www.queenalice.com/game.php?id=1210413"]
[Date "2013.8.22"]
[Round "-"]
[White "Whitecharger"]
[Black "snebur1956"]
[Result "1-0"]
[WhiteElo "2452"]
[BlackElo "2346"]

1. d4 Nf6 2. g3 d5 3. Bg2 c6 4. Nf3 h6 5. O-O Bf5 6. Nc3 e6 7. Nd2 Bd6 8. e4
dxe4 9. Ncxe4 Nxe4 10. Nxe4 Be7 11. Bf4 O-O 12. c3 Nd7 13. Qb3 g5 14. Bd6 Bxe4
15. Bxe7 Qxe7 16. Bxe4 Nf6 17. Rae1 Nxe4 18. Rxe4 Rad8 19. f4 gxf4 20. Rexf4 c5
21. Re1 cxd4 22. cxd4 Rd7 23. Re5 Rfd8 24. Rg4+ Kh7 25. Qd3+ f5 26. Rf4 Qf7 27.
Qe3 Rd6 28. d5 Rxd5 29. Rxe6 Rd2 30. Rxh6+ 1-0

[Event "FIFA World Cup"]
[Site "http://www.queenalice.com/game.php?id=1256291"]
[Date "2014.2.14"]
[Round "1"]
[White "Whitecharger"]
[Black "caboclo"]
[Result "0-1"]
[WhiteElo "2456"]
[BlackElo "2608"]

1. d4 Nf6 2. g3 d5 3. Bg2 c5 4. Nf3 cxd4 5. O-O h6 6. Ne5 Nc6 7. Nxc6 bxc6 8.
Qxd4 e6 9. c4 Bd6 10. Bf4 Rb8 11. Bxd6 Qxd6 12. b3 c5 13. Qd3 Ba6 14. Nd2 O-O
15. Rac1 Rfd8 16. e3 Qb6 17. Qc2 Qa5 18. Rfd1 dxc4 19. Nxc4 Rxd1+ 20. Rxd1 Bxc4
21. bxc4 g5 22. Bf3 g4 23. Bc6 Kg7 24. Ba4 Qb4 25. Bb5 Rb6 26. Qd3 Qb2 27. a3
Nh7 0-1

[Event "Challenge"]
[Site "http://www.queenalice.com/game.php?id=1263420"]
[Date "2014.3.9"]
[Round "-"]
[White "Whitecharger"]
[Black "Apatride"]
[Result "1/2-1/2"]
[WhiteElo "2452"]
[BlackElo "2639"]

1. d4 Nf6 2. g3 e6 3. Bg2 c5 4. Nf3 cxd4 5. O-O d5 6. Nxd4 e5 7. Nb3 Be6 8. Bg5
Nbd7 9. e4 dxe4 10. N1d2 Be7 11. Nxe4 Nxe4 12. Bxe7 Qxe7 13. Bxe4 Nf6 14. Bg2
O-O 15. Qe2 Bf5 16. Rfe1 Rfe8 17. c3 Rad8 18. Qe3 a6 19. Rad1 Rxd1 20. Rxd1 Bc2
21. Rd2 Bxb3 22. axb3 Qc7 23. b4 h6 24. Qc5 Qe7 25. Qxe7 Rxe7 26. Rd6 h5 27. Kf1
Kh7 28. b5 a5 29. c4 e4 30. Bh3 a4 31. c5 Re5 32. c6 bxc6 33. bxc6 Rc5 34. Bc8
Ne8 35. Rd1 Nc7 36. Bd7 Rc4 37. Ke2 Rb4 38. Rd2 g6 39. Ke3 f5 40. Kf4 Rb3 41.
Ke5 Rd3 42. Rc2 Kg7 43. Be6 Kf8 44. Bc4 Rd1 45. h3 Ke7 46. g4 fxg4 47. hxg4 Rd6
48. gxh5 gxh5 49. Be2 Re6+ 50. Kd4 a3 51. bxa3 Kd6 52. a4 Re5 53. Bc4 h4 54. Rc1
Rf5 55. Rh1 Kxc6 56. Rxh4 Rxf2 57. Rh6+ Kb7 58. Kxe4 Rg2 59. Kd4 Rg5 60. Kc3
Nd5+ 61. Bxd5+ Rxd5 62. Kc4 Re5 63. Rh4 Ka6 64. Kb3 Ka5 65. Rh3 Rf5 66. Re3 Rc5
67. Rc3 Rxc3+ 68. Kxc3 Kxa4 69. Kd4 1/2-1/2

[Event "Challenge"]
[Site "http://www.queenalice.com/game.php?id=1263421"]
[Date "2014.3.9"]
[Round "-"]
[White "Apatride"]
[Black "Whitecharger"]
[Result "1-0"]
[WhiteElo "2561"]
[BlackElo "2458"]

1. e4 e6 2. d4 d5 3. Nd2 Nf6 4. e5 Nfd7 5. f4 c5 6. c3 Nc6 7. Ndf3 a5 8. Bd3 a4
9. Ne2 a3 10. b3 cxd4 11. cxd4 Nb4 12. O-O Be7 13. f5 O-O 14. fxe6 fxe6 15. Bb1
Rf7 16. Bd2 Nc6 17. Qe1 Nf8 18. Bd3 Qb6 19. Qg3 Bd7 20. Rf2 Nb4 21. Bxb4 Qxb4
22. Nf4 Rc8 23. Rd1 Bb5 24. Bxb5 Qxb5 25. Rdf1 Qb6 26. Qg4 Rc7 27. h3 h6 28. Kh2
Bd8 29. h4 Rce7 30. Nh5 Qc7 31. g3 Rd7 32. Nf4 Rde7 33. Ne1 b5 34. Nc2 Qc6 35.
Kh3 Bb6 36. Kg2 Rc7 37. Nh5 Rxf2+ 38. Rxf2 Qa8 39. b4 Ra7 40. Kh3 Re7 41. Rf3
Qb8 42. Nxa3 Ba7 43. Rf4 1-0

[Event "Challenge"]
[Site "http://www.queenalice.com/game.php?id=1311673"]
[Date "2014.9.30"]
[Round "-"]
[White "Whitecharger"]
[Black "PhilBFrance"]
[Result "1/2-1/2"]
[WhiteElo "2449"]
[BlackElo "2444"]

1. d4 d5 2. g3 Nf6 3. Bg2 g6 4. Nf3 Bg7 5. O-O Nc6 6. c3 O-O 7. Bf4 a6 8. Nbd2
Nh5 9. Be3 Qd6 10. c4 Be6 11. Ng5 Nxd4 12. Nxe6 fxe6 13. cxd5 exd5 14. Bxd4 Bxd4
15. Nb3 c5 16. Nxd4 cxd4 17. Qxd4 Nf6 18. Rac1 e5 19. Qd3 Rad8 20. Qb3 Rf7 21.
Rfd1 Kg7 22. e3 Rdd7 23. Rc3 e4 24. Bh3 Rc7 25. a4 b6 26. Rdc1 Rc5 27. Qa3 Rfc7
28. a5 R7c6 29. b4 Rxc3 30. Rxc3 b5 31. Rxc6 Qxc6 32. Qb2 Kf7 33. Qe5 Ng8 34.
Qf4+ Kg7 35. g4 h6 36. g5 hxg5 37. Qxg5 Kf7 38. Qf4+ Kg7 39. Qb8 Ne7 40. Bg4
Qc1+ 41. Kg2 Qc6 42. h3 Qf6 43. Qc7 Kh6 44. Qb6 Kg7 45. Qc7 1/2-1/2

[Event "Challenge"]
[Site "http://www.queenalice.com/game.php?id=1311805"]
[Date "2014.10.1"]
[Round "-"]
[White "PhilBFrance"]
[Black "Whitecharger"]
[Result "1-0"]
[WhiteElo "2444"]
[BlackElo "2449"]

1. e4 e6 2. Nf3 Nf6 3. Nc3 Bb4 4. e5 Bxc3 5. dxc3 Nd5 6. Bc4 Nb6 7. Bd3 c5 8.
O-O c4 9. Be4 h6 10. a4 a5 11. Be3 O-O 12. Qd6 Nc6 13. Bc5 f5 14. exf6 Rxf6 15.
Ne5 Nxe5 16. Bxb6 Nf7 17. Bxd8 Nxd6 18. Bxf6 Nxe4 19. Bd4 d5 20. f3 Nd6 21. Rfe1
Bd7 22. g4 Rf8 23. Bc5 Ne8 24. Bxf8 Kxf8 25. b4 cxb3 26. cxb3 Ke7 27. Kf2 Nc7
28. Rad1 Kd6 29. c4 Na6 30. cxd5 exd5 31. Kg3 Nc5 32. Re3 g6 33. h3 Ne6 34. f4
Nc5 35. Kf3 b6 36. Kg2 Be6 37. Kf2 Kc6 38. Rf3 Kd6 39. f5 gxf5 40. gxf5 Ne4+ 41.
Ke3 Bf7 42. Kf4 Nf6 43. Re3 Nh5+ 44. Kg4 Nf6+ 45. Kg3 Nh5+ 46. Kh4 Nf6 47. Rg3
Ne8 48. f6 b5 49. Re3 1-0